000 00507nam a2200181Ia 4500
008 090124s9999 xx 000 0 und d
082 _b123627
100 _aगांगल वसंत
245 _a मन पिसाट माझे
250 _a1
260 _c1989
300 _a324
600 _aगांगल वसंत
630 _a मन पिसाट माझे
700 _aगांगल वसंत
730 _a मन पिसाट माझे
942 _cBOOK
999 _c169714
_d169714